Normal view
MARC view
Entry Topical Term
001 - CONTROL NUMBER
- control field: 26245
003 - CONTROL NUMBER IDENTIFIER
- control field: dpl
005 - DATE AND TIME OF LATEST TRANSACTION
- control field: 20110225161235.0
008 - FIXED-LENGTH DATA ELEMENTS
- fixed length control field: 110225|||a|||||| | ||| d
040 ## - CATALOGING SOURCE
- Original cataloging agency: dpl
- Transcribing agency: dpl
150 ## - HEADING--TOPICAL TERM
- Topical term or geographic name as entry element: अँग्रेजी साहित्य
670 ## - SOURCE DATA FOUND
- Source citation: Work cat.: (dpl)50462: 25775 एचकुंचवार,महेश, पश्चिमप्रभा /, 2010
670 ## - SOURCE DATA FOUND
- Source citation: Work cat.: (dpl)50462: 25775 एचकुंचवार,महेश, पश्चिमप्रभा /, 2010
